000 00559nam a2200193Ia 4500
008 151121s9999||||xx |||||||||||||| ||und||
082 _a920/KHA
082 _bHNW-46572
100 _a"Khan Imran, Murphy Patrick"
245 _aImran : The Auotobio। Imran Khan
260 _b"Pelham Books Ltd।, London।"
260 _c--
300 _a163
600 _a"Khan Imran, Murphy Patrick"
630 _aImran : The Auotobio। Imran Khan
700 _a"Khan Imran, Murphy Patrick"
730 _aImran : The Auotobio। Imran Khan
942 _cBOOK
999 _c1233089
_d1233086